[Event "Superettan(Helsingborg-Schack 08)"]
[Site "?"]
[Date "2024.10.05"]
[Round "2"]
[White "Derdic, Valentin"]
[Black "Lofgren, Vide"]
[Result "1/2-1/2"]
[WhiteElo "1936"]
[BlackElo "1905"]
[PlyCount "62"]
[SourceVersionDate "2024.10.29"]

1. d4 Nf6 2. Nf3 g6 3. g3 Bg7 4. Bg2 d6 5. O-O O-O 6. c4 Nc6 7. Nc3 Bg4 8. d5
Bxf3 9. exf3 Ne5 10. Qe2 a5 11. Re1 Re8 12. Bd2 Ned7 13. Qd3 Nc5 14. Qc2 c6 15.
dxc6 bxc6 16. f4 Qc7 17. Na4 Nfd7 18. Nxc5 Nxc5 19. Bc3 Bxc3 20. Qxc3 e6 21.
Rec1 Rab8 22. b3 Rb4 23. Qf3 Rb6 24. Qc3 Rb4 25. Qf3 Rc8 26. Rab1 Qa7 27. a3
Rbb8 28. b4 Nd7 29. h4 d5 30. c5 axb4 31. axb4 e5 1/2-1/2

[Event "Superettan(Farsta-Västerås)"]
[Site "?"]
[Date "2024.10.05"]
[Round "2"]
[White "Wieweg, Johnny"]
[Black "Backman, Andreas"]
[Result "1/2-1/2"]
[WhiteElo "2069"]
[BlackElo "2103"]
[PlyCount "95"]
[SourceVersionDate "2024.10.30"]

1. e4 g6 2. d4 Bg7 3. Nc3 d6 4. Be3 a6 5. Qd2 b5 6. f3 Bb7 7. g4 h6 8. Bg2 Nd7
9. Nge2 c5 10. O-O cxd4 11. Nxd4 Ngf6 12. a3 Rc8 13. Rad1 Nb6 14. Qf2 Nc4 15.
Bc1 Qb6 16. Nde2 Nd7 17. b3 Qxf2+ 18. Rxf2 Ncb6 19. Bb2 O-O 20. Nd4 Rc7 21.
Rdd2 Rfc8 22. Nd1 e5 23. Ne2 Rxc2 24. Nec3 Rxd2 25. Rxd2 Bf8 26. Ne3 Nc5 27. b4
Nca4 28. Nxa4 Nxa4 29. Kf2 Be7 30. Bf1 Bh4+ 31. Ke2 Bg5 32. Kd3 Nxb2+ 33. Rxb2
Bxe3 34. Kxe3 Rc3+ 35. Bd3 d5 36. Rc2 d4+ 37. Kd2 Rxc2+ 38. Bxc2 h5 39. h3 Bc8
40. Bb3 hxg4 41. hxg4 Kg7 42. Kd3 f6 43. a4 Bd7 44. a5 Kh6 45. Bd5 Bc8 46. Ke2
Kg5 47. Bf7 Kh6 48. Bd5 1/2-1/2

[Event "Superettan(Kristineberg-Wasa II)"]
[Site "?"]
[Date "2024.10.05"]
[Round "2"]
[White "Mustaps, Matiss"]
[Black "Oliwa, Marek"]
[Result "1/2-1/2"]
[WhiteElo "2367"]
[BlackElo "2394"]
[PlyCount "58"]
[SourceVersionDate "2024.10.29"]

1. e4 d6 2. d4 Nf6 3. Nc3 c6 4. f4 Qa5 5. Bd3 e5 6. Nf3 Bg4 7. Be3 Nbd7 8. O-O
Be7 9. h3 Bxf3 10. Qxf3 Nf8 11. a3 Ne6 12. d5 Nxf4 13. Bxf4 exf4 14. Qxf4 O-O
15. Kh1 Nd7 16. Ne2 Ne5 17. Nd4 g6 18. Nf3 Nxd3 19. cxd3 cxd5 20. Rac1 dxe4 21.
dxe4 Qb6 22. Rc2 Rae8 23. Rcf2 Bd8 24. Nh2 Qd4 25. Rd2 Qxe4 26. Qxd6 Re6 27.
Qc5 Bb6 28. Qc3 Rc6 29. Qb3 Qe6 1/2-1/2

[Event "Superettan(Skara-Rockaden, Sthlm II)"]
[Site "?"]
[Date "2024.10.05"]
[Round "2"]
[White "Kenneskog, Theodor"]
[Black "Ronneland, Daniel"]
[Result "1-0"]
[WhiteElo "2278"]
[BlackElo "2203"]
[PlyCount "87"]
[SourceVersionDate "2024.10.29"]

1. e4 e5 2. Nf3 Nc6 3. Bb5 a6 4. Ba4 Nf6 5. O-O Be7 6. Re1 b5 7. Bb3 d6 8. c3
O-O 9. h3 Nb8 10. d4 Nbd7 11. Nbd2 Bb7 12. Bc2 Re8 13. Nf1 Bf8 14. Ng3 g6 15.
Bd2 c5 16. d5 c4 17. Be3 Nc5 18. b4 cxb3 19. axb3 Qc7 20. Qd2 h5 21. Bh6 Nh7
22. Nf1 a5 23. Be3 Rec8 24. Rec1 Nf6 25. Ng3 a4 26. b4 Ncd7 27. Bd3 Ba6 28. Qe2
Qb7 29. Nd2 Rc7 30. Nb1 Kh7 31. Na3 Rb8 32. Nf1 Rbc8 33. Bd2 Rb8 34. Rab1 Nb6
35. Bg5 Be7 36. Bxb5 Bxb5 37. Nxb5 Rd7 38. Bxf6 Bxf6 39. Na3 Bg5 40. Ne3 Bxe3
41. Qxe3 Rc8 42. c4 Qa6 43. c5 Na8 44. b5 1-0

[Event "Superettan(Kristineberg-Wasa II)"]
[Site "?"]
[Date "2024.10.05"]
[Round "2"]
[White "Tairi, Faruk"]
[Black "Rogule, Laura"]
[Result "1-0"]
[WhiteElo "2402"]
[BlackElo "2248"]
[PlyCount "63"]
[SourceVersionDate "2024.10.29"]

1. e4 c5 2. Nf3 d6 3. d4 cxd4 4. Nxd4 Nf6 5. Nc3 Nc6 6. Bc4 Qb6 7. Be3 Qxb2 8.
Ndb5 Qb4 9. Qe2 Qa5 10. Bd2 Qd8 11. Nd5 Nxd5 12. exd5 Ne5 13. Bb3 g5 14. Nd4 h6
15. O-O Bg7 16. Rae1 O-O 17. c3 Ng6 18. f4 g4 19. f5 Ne5 20. h3 h5 21. hxg4
hxg4 22. Rf4 Re8 23. Rxg4 Nxg4 24. Qxg4 Kf8 25. Ne6+ Bxe6 26. dxe6 d5 27. Qh5
fxe6 28. fxe6 Qb6+ 29. Kh1 Qf2 30. Re3 Qf1+ 31. Kh2 Qf4+ 32. Rg3 1-0

[Event "Superettan(Skara-Rockaden, Sthlm II)"]
[Site "?"]
[Date "2024.10.05"]
[Round "2"]
[White "Eklund, Lars-Goran"]
[Black "Bator, Robert"]
[Result "1/2-1/2"]
[WhiteElo "2198"]
[BlackElo "2351"]
[PlyCount "23"]
[SourceVersionDate "2024.10.29"]

1. Nf3 d5 2. d4 e6 3. Bg5 Nf6 4. c4 Be7 5. e3 O-O 6. Be2 dxc4 7. Bxc4 c5 8. O-O
cxd4 9. Nxd4 a6 10. a4 Qa5 11. Bh4 Rd8 12. Qe2 1/2-1/2

[Event "Superettan(Kristineberg-Wasa II)"]
[Site "?"]
[Date "2024.10.05"]
[Round "2"]
[White "Karlsson, Mats"]
[Black "Lejlic, Samir"]
[Result "1/2-1/2"]
[WhiteElo "2282"]
[BlackElo "2330"]
[PlyCount "52"]
[SourceVersionDate "2024.10.29"]

1. d4 d5 2. c4 Bf5 3. Nc3 e6 4. cxd5 exd5 5. Qb3 Nc6 6. Be3 Nf6 7. Nf3 h6 8.
Bf4 Bd6 9. Bxd6 Qxd6 10. e3 O-O 11. a3 Na5 12. Qa4 b6 13. Rc1 c6 14. Be2 Rfc8
15. O-O Bd7 16. Ne5 Be8 17. b4 Nb7 18. Qb3 Qe7 19. Ba6 Rc7 20. Bxb7 Rxb7 21. b5
c5 22. Nxd5 Nxd5 23. Qxd5 Bxb5 24. Rfe1 Rd8 25. Qb3 Be8 26. Nf3 Rc7 1/2-1/2

[Event "Superettan(Skara-Rockaden, Sthlm II)"]
[Site "?"]
[Date "2024.10.05"]
[Round "2"]
[White "Berovski, Krum"]
[Black "Djurhuus, Rune"]
[Result "1/2-1/2"]
[WhiteElo "2339"]
[BlackElo "2376"]
[PlyCount "25"]
[SourceVersionDate "2024.10.29"]

1. d4 Nf6 2. c4 c5 3. d5 b5 4. cxb5 a6 5. bxa6 e6 6. Nc3 exd5 7. Nxd5 Be7 8.
Nxe7 Qxe7 9. e3 O-O 10. Nf3 d5 11. Be2 Nxa6 12. O-O Bf5 13. Bd2 1/2-1/2

[Event "Superettan(Kristineberg-Wasa II)"]
[Site "?"]
[Date "2024.10.05"]
[Round "2"]
[White "Hald Falkesgaard, Jeppe"]
[Black "Astrom, Goran"]
[Result "1-0"]
[WhiteElo "2262"]
[BlackElo "2207"]
[PlyCount "49"]
[SourceVersionDate "2024.10.29"]

1. c4 Nf6 2. g3 e5 3. Bg2 d5 4. cxd5 Nxd5 5. Nf3 Nc6 6. Nc3 Nb6 7. a3 Be7 8. d3
O-O 9. O-O Be6 10. Be3 f5 11. Rc1 Bf6 12. Nd2 Nd5 13. Qb3 Na5 14. Qa4 Nxe3 15.
fxe3 c5 16. b4 cxb4 17. axb4 Nc6 18. Bxc6 bxc6 19. Qxc6 Re8 20. Nb5 Bg5 21. Kf2
f4 22. Nf3 Bd5 23. Qd6 fxe3+ 24. Kg1 Bf6 25. Qc5 1-0

[Event "Superettan(Skara-Rockaden, Sthlm II)"]
[Site "?"]
[Date "2024.10.05"]
[Round "2"]
[White "Grunt Kreken, Eivind"]
[Black "Crevatin, Leo"]
[Result "1/2-1/2"]
[WhiteElo "2287"]
[BlackElo "2231"]
[PlyCount "31"]
[SourceVersionDate "2024.10.29"]

1. e4 c6 2. c4 d5 3. cxd5 cxd5 4. exd5 Nf6 5. Qa4+ Bd7 6. Qb3 e6 7. dxe6 Bxe6
8. Bc4 Bxc4 9. Qxc4 Nc6 10. Nf3 Qe7+ 11. Kf1 Qc5 12. Qxc5 Bxc5 13. Nc3 a6 14.
g3 O-O-O 15. Kg2 Nb4 16. d4 1/2-1/2

[Event "Superettan(Kristineberg-Wasa II)"]
[Site "?"]
[Date "2024.10.05"]
[Round "2"]
[White "Lilliehook, Victor"]
[Black "Engstrom, Kaj"]
[Result "1/2-1/2"]
[WhiteElo "2017"]
[BlackElo "2204"]
[PlyCount "129"]
[SourceVersionDate "2024.10.29"]

1. e4 c5 2. Nf3 e6 3. d3 b5 4. g3 Bb7 5. Bg2 h5 6. h4 Nf6 7. O-O Nc6 8. Re1 Ng4
9. c3 Qb6 10. Nh2 Nce5 11. Nxg4 Nxg4 12. f3 Ne5 13. Be3 Qc7 14. Bf4 d6 15. d4
Nc4 16. Bf1 Be7 17. Bxc4 bxc4 18. Qa4+ Bc6 19. Qxc4 Rb8 20. dxc5 Rxb2 21. Na3
e5 22. Bc1 Rb7 23. cxd6 Qxd6 24. Nc2 O-O 25. Ba3 Qg6 26. Kh2 Bxa3 27. Nxa3 Bd7
28. Rab1 Rxb1 29. Nxb1 Qb6 30. Qe2 Rb8 31. Nd2 Qe6 32. Nf1 Bb5 33. Qd2 Bc4 34.
Ne3 Bxa2 35. Ra1 Bb3 36. Rxa7 Qb6 37. Ra1 Be6 38. Nd5 Qc5 39. Rc1 f5 40. Kg2
fxe4 41. fxe4 Qc4 42. Re1 Rf8 43. Ne7+ Kh7 44. Qe2 Qxe2+ 45. Rxe2 Re8 46. Nc6
Bd7 47. Nb4 Rc8 48. Rc2 Bb5 49. Kf3 g5 50. hxg5 Kg6 51. Nd5 Kxg5 52. Ke3 Kg4
53. Rh2 Be8 54. Rg2 Bf7 55. Kd3 Kf3 56. Rg1 Kf2 57. Rh1 Kxg3 58. Ne7 Rc7 59.
Nf5+ Kg2 60. Rc1 Kf2 61. Rc2+ Kf3 62. Nh4+ Kg3 63. Nf5+ Kf3 64. Nh4+ Kg3 65.
Nf5+ 1/2-1/2

[Event "Superettan(Skara-Rockaden, Sthlm II)"]
[Site "?"]
[Date "2024.10.05"]
[Round "2"]
[White "Hedman, Erik"]
[Black "Olsson, Simon"]
[Result "1/2-1/2"]
[WhiteElo "2272"]
[BlackElo "2086"]
[PlyCount "71"]
[SourceVersionDate "2024.10.29"]

1. e4 c5 2. Nf3 Nc6 3. Bc4 e6 4. O-O d6 5. Re1 Nf6 6. d3 Be7 7. c3 O-O 8. Bb3
b6 9. d4 cxd4 10. cxd4 Bb7 11. Nc3 Na5 12. Bc2 Rc8 13. Qe2 a6 14. h3 b5 15. Bg5
Nc4 16. e5 Nd7 17. Ne4 dxe5 18. dxe5 Ncxe5 19. Nxe5 Nxe5 20. Rad1 Qc7 21. Bxe7
Qxe7 22. Nd6 Rc5 23. b4 Rxc2 24. Qxe5 Ba8 25. Re3 f6 26. Qxe6+ Qxe6 27. Rxe6
Rxa2 28. Nf5 g6 29. Re7 gxf5 30. Rdd7 Rc8 31. Rg7+ Kh8 32. Rxh7+ Kg8 33. Rhg7+
Kh8 34. Rh7+ Kg8 35. Rhg7+ Kh8 36. Rh7+ 1/2-1/2

[Event "Superettan(Kristineberg-Wasa II)"]
[Site "?"]
[Date "2024.10.05"]
[Round "2"]
[White "Abedinov, Adnan"]
[Black "Eriksson, Lennarth"]
[Result "1/2-1/2"]
[WhiteElo "2164"]
[BlackElo "1958"]
[PlyCount "72"]
[SourceVersionDate "2024.10.29"]

1. c4 c5 2. Nc3 Nc6 3. g3 g6 4. Bg2 Bg7 5. e4 d6 6. Nge2 e5 7. d3 Nge7 8. Be3
Be6 9. Qd2 a6 10. Nd5 Bxd5 11. cxd5 Nd4 12. O-O O-O 13. f4 f5 14. fxe5 Nxe2+
15. Qxe2 Bxe5 16. Bh3 Qb6 17. Rab1 Qb5 18. Qd2 a5 19. a3 a4 20. Rf2 Rf7 21.
Rbf1 Raf8 22. Kg2 Qb3 23. Bh6 Bg7 24. Bxg7 Kxg7 25. Qc3+ Qxc3 26. bxc3 fxe4 27.
dxe4 Rxf2+ 28. Rxf2 Rxf2+ 29. Kxf2 Kf6 30. Bd7 Ke5 31. Ke3 Ng8 32. Bxa4 Nf6 33.
Bc2 Ng4+ 34. Kd3 Nf2+ 35. Ke3 Ng4+ 36. Kd3 Nf2+ 1/2-1/2

[Event "Superettan(Skara-Rockaden, Sthlm II)"]
[Site "?"]
[Date "2024.10.05"]
[Round "2"]
[White "Friberg, Hans"]
[Black "Zadruzny, Nicolaj"]
[Result "1/2-1/2"]
[WhiteElo "2168"]
[BlackElo "2221"]
[PlyCount "69"]
[SourceVersionDate "2024.10.29"]

1. Nf3 d5 2. d4 Nf6 3. c4 e6 4. Nc3 Be7 5. Bg5 h6 6. Bh4 O-O 7. e3 b6 8. Bxf6
Bxf6 9. cxd5 exd5 10. Qc2 c5 11. dxc5 bxc5 12. Rd1 Bb7 13. Nxd5 Qa5+ 14. b4
cxb4 15. Nxf6+ gxf6 16. Bc4 b3+ 17. Qd2 Qxd2+ 18. Nxd2 bxa2 19. Bxa2 Rd8 20.
Nb3 Rxd1+ 21. Kxd1 Kf8 22. f3 Bd5 23. Nc1 Be6 24. Ke2 Nc6 25. Bxe6 fxe6 26. Nd3
Ke7 27. Rc1 Kd6 28. Rc4 a5 29. Kd1 a4 30. Kc2 a3 31. Kb1 a2+ 32. Ka1 Ra3 33.
Nc1 Rxe3 34. Kxa2 Re1 35. Kb2 1/2-1/2

[Event "Superettan(Kristineberg-Wasa II)"]
[Site "?"]
[Date "2024.10.05"]
[Round "2"]
[White "Hedin, Niclas"]
[Black "Bornlinder Thiborg, Jesper"]
[Result "1-0"]
[WhiteElo "1920"]
[BlackElo "2080"]
[PlyCount "67"]
[SourceVersionDate "2024.10.29"]

1. d4 d5 2. Nf3 Nf6 3. e3 g6 4. c4 c6 5. Bd3 Bg7 6. O-O O-O 7. Nbd2 Nbd7 8. b3
Re8 9. Bb2 Qc7 10. Rc1 a5 11. a3 Nb6 12. c5 Nbd7 13. b4 axb4 14. axb4 Ng4 15.
h3 Nh6 16. Ra1 Rb8 17. Re1 b6 18. cxb6 Qxb6 19. Qc2 e5 20. dxe5 Nxe5 21. Bxe5
Bxe5 22. Nxe5 Rxe5 23. Nf3 Re8 24. Nd4 Bd7 25. Reb1 Ra8 26. Qc5 Qb7 27. Ra5
Rec8 28. Rba1 Rxa5 29. bxa5 Qb2 30. Ra3 Qd2 31. a6 Nf5 32. Nxf5 Bxf5 33. Bxf5
gxf5 34. a7 1-0

[Event "Superettan(Skara-Rockaden, Sthlm II)"]
[Site "?"]
[Date "2024.10.05"]
[Round "2"]
[White "Eriksson, Dan"]
[Black "Cederqvist, Niclas"]
[Result "1-0"]
[WhiteElo "2202"]
[BlackElo "1955"]
[PlyCount "39"]
[SourceVersionDate "2024.10.29"]

1. e4 c5 2. c3 e6 3. d4 d5 4. e5 Nc6 5. Nf3 Qb6 6. Bd3 Bd7 7. O-O cxd4 8. cxd4
Nxd4 9. Nbd2 Nxf3+ 10. Nxf3 Be7 11. Be3 Bc5 12. Bxc5 Qxc5 13. Rc1 Qb6 14. Ng5
Qxb2 15. Re1 f5 16. Bxf5 exf5 17. Qxd5 Nh6 18. e6 Bc6 19. Rxc6 bxc6 20. Qd7+
1-0

[Event "Superettan(Kristineberg-Wasa II)"]
[Site "?"]
[Date "2024.10.05"]
[Round "2"]
[White "Dimovski, Mende"]
[Black "Rosenthal, Emanuel"]
[Result "1/2-1/2"]
[WhiteElo "2113"]
[BlackElo "1961"]
[PlyCount "60"]
[SourceVersionDate "2024.10.29"]

1. e4 e5 2. Nf3 Nc6 3. Bb5 a6 4. Bxc6 dxc6 5. h3 h5 6. Nc3 f6 7. d4 exd4 8.
Qxd4 Qxd4 9. Nxd4 Bd6 10. O-O c5 11. Nb3 Ne7 12. Be3 b6 13. Rad1 Bb7 14. Rfe1
O-O-O 15. f3 g5 16. Ne2 Ng6 17. Kf2 Rh7 18. Ng3 Ne7 19. Nd2 h4 20. Ne2 Ng6 21.
Nc4 Bf8 22. Rxd8+ Kxd8 23. Nc3 Rd7 24. a4 Bc6 25. Ke2 Ke8 26. Kf2 Kf7 27. e5
Be7 28. Bxg5 Nxe5 29. Nxe5+ fxe5 30. Bxe7 Rxe7 1/2-1/2

[Event "Superettan(Skara-Rockaden, Sthlm II)"]
[Site "?"]
[Date "2024.10.05"]
[Round "2"]
[White "Thorn, Joachim"]
[Black "Nikolic, Vladan"]
[Result "0-1"]
[WhiteElo "1984"]
[BlackElo "2209"]
[PlyCount "82"]
[SourceVersionDate "2024.10.29"]

1. e4 e5 2. Nf3 Nc6 3. d4 exd4 4. Nxd4 Nf6 5. Nxc6 bxc6 6. e5 Qe7 7. Qe2 Nd5 8.
c4 Ba6 9. b3 g6 10. g3 Bg7 11. Bb2 O-O 12. Bg2 Rae8 13. O-O Bxe5 14. Qxe5 Qxe5
15. Bxe5 Rxe5 16. cxd5 Bxf1 17. Kxf1 cxd5 18. f4 Re3 19. Bxd5 Rd3 20. Bf3 Re8
21. Kf2 d5 22. Na3 Rd2+ 23. Kg1 Re3 24. Rf1 c6 25. Rf2 Re1+ 26. Kg2 Rxf2+ 27.
Kxf2 Ra1 28. Nc2 Rxa2 29. Bd1 Rb2 30. b4 Kf8 31. Ke3 Ke7 32. f5 Kd6 33. fxg6
hxg6 34. g4 Rb3+ 35. Kf4 Rh3 36. Bf3 g5+ 37. Ke3 f5 38. Kf2 fxg4 39. Bg2 Rxh2
40. Ne3 Rh8 41. Kg3 Rf8 0-1

[Event "Superettan(Orgryte-Lulea)"]
[Site "?"]
[Date "2024.10.05"]
[Round "2"]
[White "Ernst, Thomas"]
[Black "Amar, Elham"]
[Result "1/2-1/2"]
[WhiteElo "2261"]
[BlackElo "2539"]
[PlyCount "270"]
[SourceVersionDate "2024.10.27"]

1. e4 c6 2. d4 d5 3. Nd2 dxe4 4. Nxe4 Nf6 5. Nxf6+ exf6 6. c3 Bd6 7. Bd3 O-O 8.
Qc2 Re8+ 9. Ne2 h6 10. O-O Nd7 11. Bf4 Nf8 12. Bxd6 Qxd6 13. Ng3 b6 14. Rfe1
Be6 15. Nf5 Qd7 16. Ne3 g6 17. Rad1 f5 18. Nc4 f6 19. Ne3 Kg7 20. b3 f4 21. Nf1
g5 22. Nd2 Bg4 23. Rc1 Rad8 24. b4 Be6 25. Nb3 h5 26. Nd2 h4 27. h3 Bf7 28. Bf5
Qd6 29. Nf3 Ne6 30. a3 Re7 31. Re2 Rde8 32. Rce1 b5 33. Kf1 a5 34. Nd2 axb4 35.
axb4 Nc7 36. Rxe7 Rxe7 37. Rxe7 Qxe7 38. Qe4 Qd6 39. Qc2 Nd5 40. Be4 Ne7 41.
Nf3 Bc4+ 42. Bd3 Bd5 43. Be4 Bxe4 44. Qxe4 Nd5 45. Qe1 Qd7 46. Kg1 Qe7 47. Qa1
Kg6 48. Qb1+ Kh6 49. Qd3 Qh7 50. Qe2 Qe7 51. Qd3 Kg7 52. c4 Nxb4 53. Qb3 bxc4
54. Qxc4 Qd6 55. Qe2 Nd5 56. Qe8 Ne7 57. Qa8 Nf5 58. Qb7+ Kg6 59. Qc8 Qd5 60.
Qe8+ Kg7 61. Qc8 Ne7 62. Qe8 Qd6 63. Qa8 Qd7 64. Kh2 Nf5 65. Kg1 Qe6 66. Qb7+
Kg6 67. Qa8 Ng7 68. Qb7 Ne8 69. Qa8 Nc7 70. Qb7 Nd5 71. Qa8 Nc3 72. Qa1 Nd5 73.
Qa8 Kf7 74. Qb7+ Ke8 75. Qa8+ Kd7 76. Qb7+ Nc7 77. Qb1 Nb5 78. Qg6 Kc7 79. Qh7+
Qd7 80. Qd3 Qd5 81. Qd2 Kb6 82. Qb4 f5 83. Nxg5 Qxd4 84. Qf8 c5 85. Qxf5 c4 86.
Ne6 Qd1+ 87. Kh2 Qd6 88. Nxf4 c3 89. g3 hxg3+ 90. Kxg3 Ka5 91. Kh4 c2 92. Qxc2
Qxf4+ 93. Kh5 Kb6 94. Qb3 Qxf2 95. Qe6+ Kc7 96. Qe7+ Kc6 97. Qe8+ Kc5 98. Qe5+
Kc4 99. Qe6+ Kc3 100. Qc8+ Kd3 101. Kg6 Qb6+ 102. Kh7 Nd6 103. Qd7 Qc5 104. Qe6
Ne4 105. Kg7 Qc7+ 106. Kh8 Qd8+ 107. Kg7 Qd4+ 108. Kf8 Qh8+ 109. Ke7 Qg7+ 110.
Kd8 Qg5+ 111. Ke8 Qb5+ 112. Kf8 Kd4 113. Kg7 Qg5+ 114. Kf8 Qa5 115. Kg7 Qc7+
116. Kh8 Qg3 117. Qb6+ Nc5 118. Qf6+ Kd5 119. Qf5+ Kd6 120. Qf8+ Kc6 121. Qc8+
Kb6 122. Qd8+ Kb5 123. Qd5 Qxh3+ 124. Kg7 Qc3+ 125. Kf7 Kb4 126. Qd6 Qf3+ 127.
Ke8 Qf5 128. Ke7 Kb5 129. Qb8+ Kc4 130. Qd6 Qh7+ 131. Ke8 Kb5 132. Qd5 Qg7 133.
Qd6 Kc4 134. Qf4+ Kb5 135. Qd6 Nb7 1/2-1/2

[Event "Superettan(Helsingborg-Schack 08)"]
[Site "?"]
[Date "2024.10.05"]
[Round "2"]
[White "Karlsson, Tomas"]
[Black "Semcesen, Daniel"]
[Result "0-1"]
[WhiteElo "2260"]
[BlackElo "2433"]
[PlyCount "100"]
[SourceVersionDate "2024.10.29"]

1. e4 e5 2. Nf3 Nc6 3. Bb5 Nd4 4. Nxd4 exd4 5. Bc4 Nf6 6. d3 d5 7. exd5 Nxd5 8.
O-O Bc5 9. c3 O-O 10. Qh5 Be6 11. Nd2 dxc3 12. bxc3 Be7 13. Ne4 Nf6 14. Nxf6+
Bxf6 15. Bxe6 fxe6 16. d4 Qd5 17. Qxd5 exd5 18. Be3 Kf7 19. Rfe1 Rfe8 20. Rab1
b6 21. Kf1 Rac8 22. Ke2 Re6 23. Kd3 Rce8 24. Bd2 g6 25. Rxe6 Rxe6 26. Re1 Rc6
27. Bf4 Rc4 28. Be5 Be7 29. Kc2 a5 30. Re3 b5 31. Kb2 c5 32. a3 Ra4 33. Rf3+
Ke6 34. Rh3 h5 35. Rg3 g5 36. h4 g4 37. Re3 Kd7 38. f3 Bxh4 39. fxg4 hxg4 40.
g3 Be7 41. Re1 c4 42. Rh1 Rxa3 43. Rh7 Rb3+ 44. Kc2 Ke6 45. Rg7 b4 46. cxb4
axb4 47. Rg6+ Kf5 48. Rg7 Bg5 49. Rd7 Rc3+ 50. Kb2 Bc1+ 0-1

[Event "Superettan(Farsta-Västerås)"]
[Site "?"]
[Date "2024.10.05"]
[Round "2"]
[White "Akesson, Ralf"]
[Black "Degerman, Lars"]
[Result "0-1"]
[WhiteElo "2351"]
[BlackElo "2422"]
[PlyCount "82"]
[SourceVersionDate "2024.10.30"]

1. d4 d5 2. c4 dxc4 3. e4 e5 4. Nf3 Bb4+ 5. Bd2 Bxd2+ 6. Qxd2 exd4 7. Nxd4 Nf6
8. Nc3 O-O 9. Bxc4 Re8 10. O-O-O Nxe4 11. Qf4 Qf6 12. Qxf6 Nxf6 13. Rhe1 Bd7
14. Rxe8+ Bxe8 15. Nf5 Nc6 16. f3 Kf8 17. g4 Ne5 18. Be2 Bc6 19. Nd4 Bd7 20. h3
Ng6 21. Nb3 Be8 22. h4 Nf4 23. Bc4 h6 24. g5 hxg5 25. hxg5 N6h5 26. Nc5 b6 27.
Nd7+ Ke7 28. Ne5 f6 29. gxf6+ gxf6 30. Ng4 Rd8 31. Rg1 Bc6 32. Nh6 Bxf3 33. Rf1
Bg2 34. Re1+ Kf8 35. Nf5 Nd3+ 36. Bxd3 Rxd3 37. Rg1 Bh3 38. Nh4 c6 39. Rg6 Rd4
40. Nf3 Rf4 41. Nd2 Bg4 0-1

[Event "Superettan(Orgryte-Lulea)"]
[Site "?"]
[Date "2024.10.05"]
[Round "2"]
[White "Torngren, Gustav"]
[Black "Mikheev, Stanislav"]
[Result "1/2-1/2"]
[WhiteElo "2269"]
[BlackElo "2234"]
[PlyCount "67"]
[SourceVersionDate "2024.10.27"]

1. d4 d5 2. Nf3 Nf6 3. e3 c5 4. Be2 Nc6 5. O-O e6 6. Nbd2 Bd6 7. dxc5 Bxc5 8.
a3 a5 9. c4 O-O 10. cxd5 Nxd5 11. Ne4 Ba7 12. Bd2 Qe7 13. Qb3 Rd8 14. Bb5 e5
15. Bxc6 bxc6 16. Bxa5 Re8 17. Bb4 Nxb4 18. axb4 Be6 19. Qc3 Bd5 20. Nfd2 f5
21. Nc5 e4 22. Ndb3 Rad8 23. Nd4 Rf8 24. Ra6 Rf6 25. g3 g5 26. Rfa1 Bb8 27. Rb6
Be5 28. Rb7 Qe8 29. Raa7 Qh5 30. Nd7 Qd1+ 31. Kg2 Qf3+ 32. Kg1 Qd1+ 33. Kg2
Qf3+ 34. Kg1 1/2-1/2

[Event "Superettan(Helsingborg-Schack 08)"]
[Site "?"]
[Date "2024.10.05"]
[Round "2"]
[White "Beerdsen, Thomas"]
[Black "Nyander, Joakim"]
[Result "1-0"]
[WhiteElo "2509"]
[BlackElo "2159"]
[PlyCount "103"]
[SourceVersionDate "2024.10.29"]

1. e4 c5 2. Nf3 e6 3. d4 cxd4 4. Nxd4 a6 5. Nc3 Qc7 6. Bd3 Nf6 7. Qe2 d6 8. f4
Nbd7 9. g4 Nc5 10. g5 Nfd7 11. Be3 b5 12. a3 Be7 13. h4 Bb7 14. O-O-O O-O-O 15.
Bxb5 axb5 16. Ndxb5 Qb8 17. b4 Bc6 18. bxc5 dxc5 19. Rd2 Nb6 20. Rhd1 Rxd2 21.
Rxd2 Kb7 22. e5 Rd8 23. Nd6+ Bxd6 24. exd6 Rxd6 25. Bxc5 Rxd2 26. Qxd2 Nd5 27.
Nxd5 Bxd5 28. Qb4+ Kc8 29. Qxb8+ Kxb8 30. Bf8 g6 31. Kd2 Be4 32. c4 Kc7 33. Ke3
Bc2 34. Kd4 Bb3 35. c5 Ba4 36. Ke5 Kd7 37. Kf6 Ke8 38. Bd6 Bc6 39. Kg7 Ba4 40.
Kxh7 Bb5 41. Kh6 Ba4 42. h5 gxh5 43. Kxh5 Bd1+ 44. Kh6 Ba4 45. Kg7 Bb5 46. Kf6
Ba4 47. Be5 Bb5 48. Bc3 Ba4 49. Ba5 Bb3 50. c6 Bd5 51. c7 Kd7 52. Bc3 1-0

[Event "Superettan(Farsta-Västerås)"]
[Site "?"]
[Date "2024.10.05"]
[Round "2"]
[White "Hjelm, Niclas"]
[Black "Carlsson, Ludvig"]
[Result "0-1"]
[WhiteElo "2266"]
[BlackElo "2334"]
[PlyCount "80"]
[SourceVersionDate "2024.10.30"]

1. e4 c5 2. Nf3 Nc6 3. d4 cxd4 4. Nxd4 Nf6 5. Nc3 e5 6. Ndb5 d6 7. Bg5 a6 8.
Na3 b5 9. Nd5 Be7 10. Bxf6 Bxf6 11. c3 Rb8 12. Nc2 Bg5 13. Be2 O-O 14. O-O Ne7
15. Ncb4 Bb7 16. Nxe7+ Qxe7 17. Nd5 Qe6 18. Nc7 Qg6 19. Bf3 Rbc8 20. Nd5 Rc5
21. a4 Bxd5 22. exd5 e4 23. Bg4 f5 24. Bh5 Qh6 25. axb5 axb5 26. Ra6 b4 27. Rc6
bxc3 28. Rxc5 dxc5 29. bxc3 Bf4 30. g3 Be5 31. c4 Bd4 32. Kh1 Ra8 33. Be2 Ra2
34. Qb3 Rxe2 35. Qb8+ Kf7 36. Rb1 Rxf2 37. g4 Qh3 38. Rb7+ Kg6 39. gxf5+ Rxf5
40. Qe8+ Kh6 0-1

[Event "Superettan(Orgryte-Lulea)"]
[Site "?"]
[Date "2024.10.05"]
[Round "2"]
[White "Hovhannisyan, Hrayr"]
[Black "Frisk Kockum, Anton"]
[Result "1-0"]
[WhiteElo "2208"]
[BlackElo "2344"]
[PlyCount "159"]
[SourceVersionDate "2024.10.27"]

1. d4 f5 2. g3 Nf6 3. Bg2 g6 4. c4 Bg7 5. Nh3 e6 6. Nd2 O-O 7. O-O d6 8. e4 e5
9. dxe5 dxe5 10. exf5 gxf5 11. c5 Nc6 12. Nc4 Qe7 13. Re1 e4 14. Be3 Be6 15.
Qa4 Nd5 16. Nf4 Nxf4 17. Bxf4 Qxc5 18. Rac1 b5 19. Qa3 Qxa3 20. Nxa3 Nd4 21.
Rxc7 Bxa2 22. Rxg7+ Kxg7 23. Be5+ Kg6 24. Bxd4 a6 25. g4 Bd5 26. gxf5+ Kxf5 27.
Nc2 Bb7 28. Rc1 Kg6 29. Ne3 Rac8 30. Re1 Rfe8 31. Bh3 Rcd8 32. Bc3 h5 33. Rc1
Bc8 34. Bxc8 Rxc8 35. Ra1 Ra8 36. Kf1 Kf7 37. Ke2 Ke6 38. Nc2 Rg8 39. h4 Rg4
40. Nd4+ Kd7 41. Nxb5 Rxh4 42. Nd4 Rh3 43. Ra5 h4 44. Rd5+ Ke7 45. Rh5 Kf7 46.
Rh6 a5 47. Nf5 a4 48. Nd6+ Ke7 49. Nxe4 Rh1 50. f4 Kd7 51. Rd6+ Ke7 52. Bb4
Rh2+ 53. Kf3 Kf7 54. Ng5+ Ke8 55. Ba3 Rb8 56. Kg4 Rb3 57. Kf5 h3 58. Kf6 Rb7
59. Rd3 Rf2 60. Re3+ Kd7 61. Nxh3 Rb6+ 62. Kf5 Rh2 63. Ng5 Rb5+ 64. Re5 Kc6 65.
Rxb5 Kxb5 66. Ne4 Kc4 67. Kg4 Rg2+ 68. Kf3 Rg1 69. f5 Rf1+ 70. Ke2 Rh1 71. f6
Rh2+ 72. Ke3 Rh3+ 73. Kf4 Rh1 74. f7 Rf1+ 75. Ke5 Kb3 76. Nf6 Re1+ 77. Kd5 Rd1+
78. Kc5 Rc1+ 79. Kb5 Rc8 80. Ne8 1-0

[Event "Superettan(Helsingborg-Schack 08)"]
[Site "?"]
[Date "2024.10.05"]
[Round "2"]
[White "Faldt, Magnus"]
[Black "Sylvan, Jacob"]
[Result "0-1"]
[WhiteElo "2147"]
[BlackElo "2313"]
[PlyCount "40"]
[SourceVersionDate "2024.10.29"]

1. d4 Nf6 2. c4 e6 3. Nc3 d5 4. Nf3 dxc4 5. e4 b5 6. e5 Nd5 7. Nxb5 Nb6 8. Be2
Nc6 9. O-O Be7 10. Nc3 Bb7 11. Be3 O-O 12. Qb1 Nb4 13. b3 cxb3 14. axb3 N6d5
15. Rc1 Nxe3 16. fxe3 c5 17. Ne4 cxd4 18. Nxd4 Bg5 19. Kf2 Bh6 20. Bf3 Nd5 0-1

[Event "Superettan(Farsta-Västerås)"]
[Site "?"]
[Date "2024.10.05"]
[Round "2"]
[White "Norberg, Johan"]
[Black "Livner, Anders"]
[Result "1/2-1/2"]
[WhiteElo "2286"]
[BlackElo "2295"]
[PlyCount "41"]
[SourceVersionDate "2024.10.30"]

1. e4 c6 2. Nf3 d5 3. d3 dxe4 4. dxe4 Qxd1+ 5. Kxd1 Nf6 6. Nbd2 g6 7. Ne1 Bh6
8. f3 O-O 9. Nd3 Rd8 10. c3 b6 11. Kc2 Be6 12. Be2 c5 13. Ne5 Nfd7 14. Ndc4
Bxc1 15. Rhxc1 f6 16. Nxd7 Nxd7 17. Ne3 Bf7 18. a4 Ne5 19. Rd1 Nc6 20. Bc4 Bxc4
21. Nxc4 1/2-1/2